000 01154cam a2200277 i 4500
999 _c55291
_d55291
001 55291
003 Mx-PuUPA
005 20221110113636.0
008 140415s1997 sp a r 000 0 spa d
020 _a8441306672
040 _aMx-PuUPA
_bspa
_cMx-PuUPA
_dMx-PuUPA
_erda
041 0 _aspa
100 1 _aLuján, Néstor,
_d1922-1995
_eautor
_98670
245 1 0 _aHistoria de la gastronomía /
_cNéstor Luján
250 _a1a. edición
264 1 _aBarcelona :
_bEdiciones Folio,
_c1997
300 _a318 páginas :
_bilustraciones ;
_c30 cm.
336 _2rdacontent
_atexto
_btxt
337 _2rdamedia
_asin medio
_bn
338 _2rdacarrier
_avolumen
_bnc
650 4 _aGastronomía
_xHistoria
942 _2ddc
_cLI
_h641.509
_iL953
520 _aESTE LIBRO ESTUDIA ESTRICTAMENTE LA HISTORIA DE LA GASTRONOMIA EN ORIENTE Y OCCIDENTE. PRETENDEMOS QUE SEA UNA CRONICA DE LOS ASPECTOS MAS VARIADOS, MAS SEDUCTORES Y RECONFORTANTES DEL ARTE DE COMER CMO SON LA FANTASIA, LA INVENCIÓN, EL TRABAJO Y SI SE QUIERE, LA DEDICACION CONSTANTE EN ALGO TENTADOR, UTILIZABLE Y EXQUISITO.